| 000 | 00962nam a22002417a 4500 | ||
|---|---|---|---|
| 999 |
_c65072 _d65072 |
||
| 005 | 20240530110805.0 | ||
| 008 | 190115s2018 ua a g 000 p ara d | ||
| 017 |
_a2018/3538 _bمصر. دار الكتب |
||
| 020 | _a97897779911515 | ||
| 040 |
_aEG-CaGPL _cEG-CaGPL |
||
| 082 | 0 | 4 |
_221 _a811.009 / _bس م |
| 100 | 0 | _aسحر محمود عيسى | |
| 245 | 1 | 2 |
_aالمناجاة فى الشعر العربى الحديث : _bقراءة جديدة / _cسحر محمود عيسى ؛ تقديم صابر عبدالدايم |
| 250 | _aط.1 | ||
| 260 |
_aالقاهرة : _bدار النابغة للنشر والتوزيع، _c2018 . |
||
| 300 |
_a448 ص. : _bايض ؛ _c24 سم. |
||
| 490 | 0 | _aسلسلة الرسائل الجامعية | |
| 650 | 0 | 7 |
_2qrmak _aالشعر العربى _xتاريخ ونقد |
| 650 | 0 | 7 | _aالمناجاة |
| 700 | 0 |
_aصابر عبدالدايم _eمقدم |
|
| 942 |
_2ddc _cBK |
||